Bruce Lee vs. Jackie Chan Quiz Stats

 Plays Quiz Updated Mar 12, 2019

Score 0/17 Timer 04:00
1 Play Today
Fact Bruce Lee (B) or Jackie Chan (J) % Correct
Which actor is known for being a lead in 'Enter the Dragon', often credited as the best martial arts film ever made????
88.5%
Which actor is famous for popularising the one-inch punch????
86.8%
Which actor married a Caucasian woman????
86.6%
Which actor is the star of the movie 'Way of the Dragon'????
84.2%
Which actor had a longer lifespan????
78.6%
Which actor appeared on the Batman TV show????
76.7%
Which actor was the student of Ip Man????
73.4%
Which actor was born later????
73.1%
Which actor is known for 'Police Story' and the 'Drunken Master' franchise????
65.8%
Fact Bruce Lee (B) or Jackie Chan (J) % Correct
Which actor often sung the theme songs of his films????
65.5%
Which actor's Chinese screen name could be translated as 'Little Dragon'????
65%
Which actor first appeared in a film at a younger age????
64.7%
Which actor was not born in the United States????
63.7%
Which actor was at some stage the second highest paid actor in the world????
61.2%
Which actor has an Academy Award????
60.5%
Which actor has received formal tertiary education????
47.6%
Which actor has a black belt in a martial art????
34.2%

You're not logged in!

Compare scores with friends on all Sporcle quizzes.
OR
Log In

Sporcle TV

Today on Sporcle TV


Watch our educational content, quiz creation guides, and fun videos on Sporcle TV.

Show Comments

Extras

Top Quizzes Today


Score Distribution

Your Account Isn't Verified!

In order to create a playlist on Sporcle, you need to verify the email address you used during registration. Go to your Sporcle Settings to finish the process.

Report this User

Report this user for behavior that violates our Community Guidelines.

Details: